Регионална библиотека "Любен Каравелов" - Русе

Малкият тиранин (Запис номер 77319)

MARC детайли
000 -Лидер
Контролно поле с фиксирана дължина 01960nam a2200385 c 4500
003 - Код на организацията, давaща контролен номер
Контролно поле BLK
005 - Дата и час на последна редакция
Контролно поле 20180422103643.0
008 - Елементи от данни с фиксирана дължина
fixed length control field 180408b bul|||||r ||||||| ||bul||
010 ## - Наследен системен номер
LC control number KNG00081771000
020 ## - Международен стандартен номер на книга ISBN
Международен стандартен номер на книга ISBN 978-954-8692-32-8
-- издат.: Аквариус
040 ## - Източник на каталожния запис
Идентификатор на билиотеката - собственик на записа BLK
041 ## - Код за език
Код за езика на текст/звукозапис или на отделно заглавие Български
Код за езика КДБФ Български
080 ## - УДК
Текстов определител УДК Психология на детската възраст. Интелектуално развитие на децата. Психически особености. Детски представи, описани в разкази
УДК код - определител по УДК 159.922.7
УДК определител
УДК - код + определител 159.922.7
080 ## - УДК
Текстов определител УДК Възпитание у дома. Семейно възпитание
УДК код - определител по УДК 37.018.1
УДК определител
УДК - код + определител 37.018.1
100 1# - Редна дума - Автор
Автор Прекоп, Иржина
Авторска отговорност първи автор
R(LIN) 252360
139 ## - Редно поле
Редна дума Прекоп, Жирина
Авторски знак Пред - П 86
245 10 - Сведения за заглавието
Заглавие Малкият тиранин
Подзаглавни данни Опората, от която се нуждаят децата
Редно поле (дума) Иржина Прекоп; прев. от нем. Даря Хараланова; * Жирина Прекоп.
250 ## - Област на изданието
Сведения за изданието 2. прераб. и доп. изд.
257 ## - Страна на издаване
Страна на създаване/издаване Германия
260 ## - Област на издателските данни
-- София
Име на издателя, разпространителя и проч. Аквариус
Година на издаване 2007
300 ## - Физическа характеристика
Страници 224 с.
Размери/Мащаб 20 см
380 ## - Жанр
Жанр Обществени науки
500 ## - Общи забележки
Забележка Ориг. загл. Der kleine Tyrann / Jirina Prekop. - 1. изд. 1995. - Съдържа и Азбучен указател на понятията / Състав. Галя Баева. - Библиогр. с. 216-220.
650 #4 - Допълнително описание по предмет – тема
Основно описание – тема или топоним Деца - психология и възпитание
9 (RLIN) 247409
650 #4 - Допълнително описание по предмет – тема
Основно описание – тема или топоним Възпитание в семейството
9 (RLIN) 242361
653 ## - Ключова дума – ненормативна
Ключова дума семейно възпитание
653 ## - Ключова дума – ненормативна
Ключова дума детска психология
700 1# - Други автори (авторска отговорност)
Лично име Хараланова, Даря
Автороска отговорност (Описва отношението между автора и произведението) прев. от нем.
9 (RLIN) 367106
700 1# - Други автори (авторска отговорност)
Лично име Прекоп, Жирина
Автороска отговорност (Описва отношението между автора и произведението) *
9 (RLIN) 371998
852 ## - Местоположение
Форматна сигнатура Цб 238619
856 4# - Електронен адрес и достъп
Електронен формат pdf - файл
Път до файла /url/
856 4# - Електронен адрес и достъп
Електронен формат pdf - файл
Път до файла /url/
942 ## - АРТИКУЛИ
Вид на библиотечния материал Книги
Скрит в OPAC Не
944 ## - СЪЗДАВАНЕ И РЕДАКЦИЯ на ЗАПИСА
Създаване/Редакция Създаване
Дата на регистрацията/редакция 25.02.2008
Статус, дата на статуса ф /
Служител, извършил регистрацията/редакцията Людмила_Стоянова
944 ## - СЪЗДАВАНЕ И РЕДАКЦИЯ на ЗАПИСА
Създаване/Редакция Редакция
Дата на регистрацията/редакция 13.12.2012
Статус, дата на статуса ф /
Служител, извършил регистрацията/редакцията
999 ## - СИСТЕМНИ КОНТРОЛНИ НОМЕРА
Koha biblionumber 77319
Koha biblioitemnumber 77319
Наличности
Код за отписване Код за изгубен артикул Код за повреда Коз за рестрикции Код за отдаване Артикулен № Име на библиотеката - собственик Име на библиотеката, в която се намира в момента Статус (Текущо местоположение) Дата на вписване в системата Местоположение - отдел Цена в лева Инвентарен номер Систематично азбучна сигнатура Баркод Номер на екземпляра Цена в евро Служебна бележка Служебен тип на артикула Източник на класификационната схема
  Не е изгубен Не е повреден без рестрикции ползва се в читалня 125311 Регионална библиотека "Любен Каравелов" Русе Регионална библиотека "Любен Каравелов" Русе Хранилище 2008-02-22 Хранилище 9.00 120000723844 Цб 238619 120000723844 1 4.60 Дост: Dp Вид: Д N: 49 Дата: 15.11.2007 Книги  
  Не е изгубен Не е повреден без рестрикции заемане за дома 125312 Регионална библиотека "Любен Каравелов" Русе Регионална библиотека "Любен Каравелов" Русе Дубликат 2012-11-26 Заемна - подръчен фонд 9.00 120000761617 159.922.7/П 86 И 120000761617 2 4.60 Дост: Pk Вид: Ф N: 322 Дата: 19.11.2012 Дата инв: 01.02.2018 Бележки инв: П2018 Книги Universal Decimal Classification
Vip Innovations Ltd, Rousse, Bulgaria 2025